Consciousness and the Self (Record no. 514211)
[ view plain ]
| 000 -CABECERA | |
|---|---|
| Campo de control de longitud fija | 00432nab a2200145Ia 4500 |
| 003 - IDENTIFICADOR DEL NÚMERO DE CONTROL | |
| Campo de control | ES-SlBCS |
| 005 - FECHA Y HORA DE LA ÚLTIMA TRANSACCIÓN | |
| Campo de control | 20210601124412.0 |
| 008 - CÓDIGOS DE INFORMACIÓN DE LONGITUD FIJA | |
| Campo de control de longitud fija | 140529s1960 xxu||||| |||| 00| 0 eng d |
| 041 ## - CÓDIGO DE LENGUA | |
| Código de lengua del texto/banda sonora o título independiente | eng |
| 100 1# - PUNTO DE ACCESO PRINCIPAL-NOMBRE DE PERSONA | |
| Nombre de persona | Will, Frederick L. |
| 9 (RLIN) | 132582 |
| 245 00 - MENCIÓN DE TÍTULO | |
| Título | Consciousness and the Self |
| Mención de responsabilidad, etc. | Frederick L. Will |
| 650 04 - PUNTO DE ACCESO ADICIONAL DE MATERIA-TÉRMINO DE MATERIA | |
| Término de materia o nombre geográfico como elemento inicial | Conciencia-Yo |
| 9 (RLIN) | 141499 |
| 773 0# - ENLACE AL DOCUMENTO FUENTE | |
| Título | Giornali di Metafisica |
| Parte(s) relacionada(s) | vol. 15, nº. 4, 1960, págs. 413-420 |
| Número de control del registro relacionado | 0017-0372 |
| 942 ## - ENTRADA DE ELEMENTOS AGREGADOS (KOHA) | |
| Koha [por defecto] tipo de item | Artículos de revista |
| Suprimido | Perdido | Estropeado | No para préstamo | Localización permanente | Localización actual | Localización en estantería | Fecha adquisición | Préstamos totales | Fecha última consulta | Fecha del precio de reemplazo | Tipo de item de Koha |
|---|---|---|---|---|---|---|---|---|---|---|---|
| San Esteban | San Esteban | Depósito de revistas | 11/07/2014 | 11/07/2014 | 11/07/2014 | Artículos de revista |
